Ekonomika MH a VD

Guardado en:
Detalles Bibliográficos
Autor principal: Šulajová, Irena
Autor Corporativo: Vysoká škola ekonomická v Bratislave. Fakulta ekonomiky služieb a cestovného ruchu v Banskej Bystrici
Formato: Libro
Lenguaje:eslovaco
Publicado: Bratislava Vysoká škola ekonomická v Bratislave 1979
Etiquetas: Agregar Etiqueta
Sin Etiquetas, Sea el primero en etiquetar este registro!

MARC

LEADER 00000nam a2200000 4500
001 0215519
005 20240109105229.3
041 0 |a slo 
044 |a SK 
245 1 0 |a Ekonomika MH a VD  |c Irena Šulajová 
264 1 |a Bratislava  |b Vysoká škola ekonomická v Bratislave  |c 1979 
300 |a 184 s. 
100 1 |a Šulajová, Irena 
710 2 |a Vysoká škola ekonomická v Bratislave. Fakulta ekonomiky služieb a cestovného ruchu v Banskej Bystrici